[Event "VL18/19"]
[Site "Mecklenburg-Vorpommern"]
[Date "2019.03.24"]
[Round "8.5"]
[White "Krautschick, Clemens"]
[Black "Paulowitz, Bernd Rainer"]
[Result "0-1"]
[WhiteElo "1828"]
[BlackElo "1868"]
[PlyCount "120"]
[EventDate "2018.??.??"]
[EventType "team-tourn"]
[EventRounds "9"]
[EventCountry "GER"]
[WhiteTeam "SSC Rostock"]
[BlackTeam "FHSG Stralsund"]
[WhiteTeamCountry "GER"]
[BlackTeamCountry "GER"]

1. c4 g6 2. g3 Bg7 3. Bg2 d6 4. Nc3 Nd7 5. e3 Ngf6 6. Nge2 O-O 7. O-O c6 8. Rb1
a5 9. a3 Qc7 10. b4 axb4 11. axb4 Ra7 12. b5 Nb6 13. Qb3 c5 14. e4 e5 15. d3
Be6 16. Bb2 Qd7 17. Ra1 Rfa8 18. Rxa7 Rxa7 19. Ra1 Rxa1+ 20. Bxa1 Qc8 21. Qa2
Qa8 22. Qxa8+ Nxa8 23. h3 Nb6 24. Bb2 Nfd7 25. Nd5 Bxd5 26. exd5 e4 27. Bxg7
exd3 28. Bc3 dxe2 29. Bf3 Nxc4 30. Bxe2 Ncb6 31. Bf3 f5 32. Kf1 Kf7 33. Ba5 Nc4
34. Bc3 Nde5 35. Be2 Nb6 36. f4 Nxd5 37. Bd2 Nd7 38. Bf3 Ke6 39. Ke2 b6 40. Kd3
Nc7 41. g4 Nxb5 42. gxf5+ gxf5 43. Kc4 Nc7 44. Bb7 d5+ 45. Kd3 Kd6 46. Bc8 Ne6
47. Bc1 b5 48. Kc3 d4+ 49. Kb3 Nb6 50. Bb7 Nd5 51. Ba6 c4+ 52. Kb2 Kc5 53. Bc8
Ndc7 54. Bd7 b4 55. Kc2 Kd5 56. Bc8 d3+ 57. Kd1 Kd4 58. Bd2 c3 59. Be1 b3 60.
Kc1 d2+ 0-1

[Event "VL18/19"]
[Site "Mecklenburg-Vorpommern"]
[Date "2019.03.24"]
[Round "8.6"]
[White "Kohn, Thomas"]
[Black "Menkhaus, Wolf Dieter"]
[Result "1-0"]
[WhiteElo "1851"]
[BlackElo "1754"]
[PlyCount "29"]
[EventDate "2018.??.??"]
[EventType "team-tourn"]
[EventRounds "9"]
[EventCountry "GER"]
[WhiteTeam "FHSG Stralsund"]
[BlackTeam "SSC Rostock"]
[WhiteTeamCountry "GER"]
[BlackTeamCountry "GER"]

1. Nf3 Nf6 2. d4 Na6 3. Nc3 c5 4. e4 cxd4 5. Qxd4 Nc7 6. e5 Ng8 7. Bc4 d6 8.
Bf4 Be6 9. O-O-O dxe5 10. Qc5 Qc8 11. Nxe5 a6 12. Nxf7 Kxf7 13. Bxc7 Nf6 14.
Rd8 Qxd8 15. Bxe6+ 1-0

[Event "VL18/19"]
[Site "Mecklenburg-Vorpommern"]
[Date "2019.03.24"]
[Round "8.7"]
[White "Kallweit, Paul"]
[Black "Giese, Lothar"]
[Result "1-0"]
[WhiteElo "1740"]
[BlackElo "1822"]
[PlyCount "101"]
[EventDate "2018.??.??"]
[EventType "team-tourn"]
[EventRounds "9"]
[EventCountry "GER"]
[WhiteTeam "SSC Rostock"]
[BlackTeam "FHSG Stralsund"]
[WhiteTeamCountry "GER"]
[BlackTeamCountry "GER"]

1. d4 Nf6 2. c4 d5 3. cxd5 Nxd5 4. e4 Nb6 5. Nf3 Bg4 6. Be2 e6 7. O-O Be7 8.
Nc3 O-O 9. Be3 c6 10. Qb3 N8d7 11. Rfd1 Nf6 12. a4 Qb8 13. a5 Nbd7 14. h3 Bxf3
15. Bxf3 e5 16. d5 a6 17. Rd2 c5 18. Rad1 Bd6 19. g4 h6 20. h4 Qc7 21. g5 hxg5
22. hxg5 Ne8 23. Bg4 g6 24. Qc4 b5 25. axb6 Nxb6 26. Qa2 Kg7 27. Kg2 f6 28. Be6
Qe7 29. gxf6+ Qxf6 30. Rh1 Qf3+ 31. Kg1 Rh8 32. Rxh8 Kxh8 33. b4 Kg7 34. bxc5
Nf6 35. Rd3 Qh5 36. Qe2 Qh4 37. cxb6 Rh8 38. Qf3 g5 39. Kf1 g4 40. Qg2 Rf8 41.
Ke2 Qh5 42. Qg3 Qg6 43. Bf5 Qh5 44. f3 Qh1 45. Bxg4 Nxg4 46. Qxg4+ Kh8 47. Kf2
Rf4 48. Rd1 Qh6 49. Qg2 Qg7 50. Qxg7+ Kxg7 51. Na4 1-0

[Event "VL18/19"]
[Site "Mecklenburg-Vorpommern"]
[Date "2019.03.24"]
[Round "8.8"]
[White "Klepin, Wilfried"]
[Black "Wurst, Benedikt"]
[Result "1-0"]
[WhiteElo "1798"]
[BlackElo "1636"]
[PlyCount "73"]
[EventDate "2018.??.??"]
[EventType "team-tourn"]
[EventRounds "9"]
[EventCountry "GER"]
[WhiteTeam "FHSG Stralsund"]
[BlackTeam "SSC Rostock"]
[WhiteTeamCountry "GER"]
[BlackTeamCountry "GER"]

1. d4 d5 2. f4 f5 3. Nf3 Nf6 4. e3 e6 5. c4 c6 6. Nc3 Ne4 7. Bd3 Be7 8. O-O O-O
9. Bd2 Nd7 10. c5 Ndf6 11. b4 Bd7 12. Ne5 Nxc3 13. Bxc3 Ne4 14. Bxe4 fxe4 15.
a4 Bf6 16. Qg4 Bxe5 17. dxe5 Qe7 18. Bd4 a5 19. Rab1 Rfb8 20. b5 Rf8 21. b6 Be8
22. Qh3 h5 23. f5 Rxf5 24. Rxf5 exf5 25. Qxf5 g6 26. Qf4 Bd7 27. e6 Bxe6 28.
Qe5 Kf7 29. Qg7+ Ke8 30. Qxg6+ Qf7 31. Qh6 Kd7 32. Rf1 Qe7 33. Rf6 Rg8 34. Qf4
Rg4 35. Qc7+ Ke8 36. Qb8+ Kd7 37. Qxb7+ 1-0

[Event "VL18/19"]
[Site "Mecklenburg-Vorpommern"]
[Date "2019.03.24"]
[Round "8.1"]
[White "Montag, Ralf"]
[Black "Hornych, Christoph"]
[Result "0-1"]
[WhiteElo "1948"]
[BlackElo "2079"]
[PlyCount "78"]
[EventDate "2018.??.??"]
[EventType "team-tourn"]
[EventRounds "9"]
[EventCountry "GER"]
[WhiteTeam "VT Ludwigslust"]
[BlackTeam "SF Schwerin II"]
[WhiteTeamCountry "GER"]
[BlackTeamCountry "GER"]

1. g3 Nf6 2. Bg2 c5 3. e4 d6 4. Nc3 Nc6 5. d3 g6 6. Be3 Bg7 7. Qc1 h5 8. h3 Bd7
9. Nge2 Rb8 10. O-O b5 11. f4 b4 12. Nd1 Qc8 13. Nf2 a5 14. Qd2 a4 15. Rab1 Be6
16. c4 bxc3 17. bxc3 O-O 18. d4 Na5 19. d5 Bd7 20. Qd3 Qc7 21. f5 gxf5 22. exf5
Rxb1 23. Rxb1 Rb8 24. g4 hxg4 25. hxg4 Rxb1+ 26. Qxb1 Nc4 27. Bf4 Qb6 28. Qd3
Ne5 29. Bxe5 dxe5 30. Ng3 Qb2 31. Qc4 Qc1+ 32. Kh2 Qe3 33. Nge4 Bh6 34. Nxf6+
exf6 35. Nd3 Qe2 36. Qe4 Qxa2 37. Nxc5 Bf4+ 38. Kh3 Qf2 39. Qf3 Qxc5 0-1

[Event "VL18/19"]
[Site "Mecklenburg-Vorpommern"]
[Date "2019.03.24"]
[Round "8.2"]
[White "Grahl, Arvid"]
[Black "Wiemer, Juergen"]
[Result "1-0"]
[WhiteElo "2100"]
[BlackElo "1915"]
[PlyCount "55"]
[EventDate "2018.??.??"]
[EventType "team-tourn"]
[EventRounds "9"]
[EventCountry "GER"]
[WhiteTeam "SF Schwerin II"]
[BlackTeam "VT Ludwigslust"]
[WhiteTeamCountry "GER"]
[BlackTeamCountry "GER"]

1. d4 Nf6 2. c4 e6 3. Nc3 d5 4. cxd5 exd5 5. Bg5 Be7 6. e3 O-O 7. Bd3 Be6 8.
Nge2 c6 9. Nf4 Bd7 10. O-O Ne4 11. Bxe7 Qxe7 12. Nfxd5 cxd5 13. Nxd5 Qe6 14.
Nc7 Qd6 15. Nxa8 Nf6 16. e4 Nc6 17. e5 Nxe5 18. dxe5 Qxe5 19. Re1 Qb8 20. Bc4
Qf4 21. Qc1 Qxc1 22. Raxc1 Rxa8 23. Bb3 Re8 24. Rxe8+ Nxe8 25. Bd5 b6 26. Bc6
Bxc6 27. Rxc6 Kf8 28. Rc8 1-0

[Event "VL18/19"]
[Site "Mecklenburg-Vorpommern"]
[Date "2019.03.24"]
[Round "8.3"]
[White "Illgen, Alexander"]
[Black "Heinsohn, Wilfried"]
[Result "1/2-1/2"]
[WhiteElo "1898"]
[BlackElo "2097"]
[PlyCount "34"]
[EventDate "2018.??.??"]
[EventType "team-tourn"]
[EventRounds "9"]
[EventCountry "GER"]
[WhiteTeam "VT Ludwigslust"]
[BlackTeam "SF Schwerin II"]
[WhiteTeamCountry "GER"]
[BlackTeamCountry "GER"]

1. d4 Nf6 2. c4 g6 3. Nc3 Bg7 4. e4 d6 5. Be2 O-O 6. Nf3 e5 7. O-O Na6 8. Qc2
exd4 9. Nxd4 Nc5 10. Be3 Ng4 11. Bxg4 Bxg4 12. f3 Bd7 13. Rad1 a5 14. Nb3 b6
15. Bd4 Be6 16. Bxg7 Kxg7 17. Nd5 Bxd5 1/2-1/2

[Event "VL18/19"]
[Site "Mecklenburg-Vorpommern"]
[Date "2019.03.24"]
[Round "8.4"]
[White "Hasselmann, Dieter"]
[Black "Krueger, Horst"]
[Result "1-0"]
[WhiteElo "2075"]
[BlackElo "1899"]
[PlyCount "107"]
[EventDate "2018.??.??"]
[EventType "team-tourn"]
[EventRounds "9"]
[EventCountry "GER"]
[WhiteTeam "SF Schwerin II"]
[BlackTeam "VT Ludwigslust"]
[WhiteTeamCountry "GER"]
[BlackTeamCountry "GER"]

1. e4 c5 2. Nf3 d6 3. d4 cxd4 4. Nxd4 Nf6 5. Nc3 g6 6. Be3 Bg7 7. f3 O-O 8. Qd2
Nc6 9. Be2 a6 10. h4 h5 11. O-O-O Nxd4 12. Bxd4 Be6 13. Kb1 Kh7 14. g4 Qa5 15.
Bxf6 Bxf6 16. Nd5 Qxd2 17. Nxf6+ exf6 18. Rxd2 hxg4 19. fxg4 Rac8 20. Rxd6 Rfd8
21. Rhd1 Rxd6 22. Rxd6 Kg7 23. Rb6 Rd8 24. Kc1 Bc8 25. c3 Re8 26. Bf3 Re6 27.
Rxe6 fxe6 28. Kd2 e5 29. c4 b6 30. b4 Bb7 31. Ke3 Bc6 32. Be2 Bd7 33. c5 b5 34.
Kd2 Bc6 35. Ke3 Bd7 36. Bd1 Be6 37. a3 Kf8 38. Kf3 Ke7 39. a4 Bf7 40. Ke3 Be6
41. Kf3 Bf7 42. axb5 axb5 43. Be2 Be8 44. Bd3 Bd7 45. Be2 Be8 46. Kg3 g5 47. h5
Bd7 48. Bd1 Be6 49. Bc2 Bc4 50. Kf3 Be6 51. h6 Kf7 52. c6 Kg6 53. Bd3 Kxh6 54.
Bxb5 1-0

[Event "VL18/19"]
[Site "Mecklenburg-Vorpommern"]
[Date "2019.03.24"]
[Round "8.5"]
[White "Hilpert, Andreas"]
[Black "Westphal, Wolfgang"]
[Result "0-1"]
[WhiteElo "1860"]
[BlackElo "2075"]
[PlyCount "70"]
[EventDate "2018.??.??"]
[EventType "team-tourn"]
[EventRounds "9"]
[EventCountry "GER"]
[WhiteTeam "VT Ludwigslust"]
[BlackTeam "SF Schwerin II"]
[WhiteTeamCountry "GER"]
[BlackTeamCountry "GER"]

1. d4 Nf6 2. Nf3 e6 3. e3 b6 4. Bd3 Bb7 5. Qe2 d6 6. c4 Nbd7 7. Nc3 Be7 8. e4
e5 9. d5 a5 10. h3 Nc5 11. Bc2 O-O 12. g4 Qd7 13. Be3 Ba6 14. Bxc5 bxc5 15. Ba4
Qc8 16. Bc6 Rb8 17. Nb5 Rb6 18. Rc1 Bb7 19. Bxb7 Qxb7 20. O-O Ne8 21. Rc3 c6
22. dxc6 Qxc6 23. Ra3 Nc7 24. Rxa5 Ne6 25. Kh2 Nf4 26. Qc2 f5 27. Ra7 fxe4 28.
Rc7 Qa8 29. Ra7 Qb8 30. Rxe7 exf3 31. Qe4 Qd8 32. Ra7 Qh4 33. Qxf3 d5 34. Qg3
Qg5 35. Rb1 Rh6 0-1

[Event "VL18/19"]
[Site "Mecklenburg-Vorpommern"]
[Date "2019.03.24"]
[Round "8.6"]
[White "Wagner, Ralph"]
[Black "Meier, Klaus"]
[Result "1-0"]
[WhiteElo "2062"]
[BlackElo "1805"]
[PlyCount "87"]
[EventDate "2018.??.??"]
[EventType "team-tourn"]
[EventRounds "9"]
[EventCountry "GER"]
[WhiteTeam "SF Schwerin II"]
[BlackTeam "VT Ludwigslust"]
[WhiteTeamCountry "GER"]
[BlackTeamCountry "GER"]

1. d4 Nf6 2. c4 c5 3. d5 g6 4. Nc3 d6 5. Bf4 Nh5 6. Bg5 Bg7 7. Qc2 Na6 8. e4 h6
9. Bh4 Bd7 10. a3 Qa5 11. Rc1 Nc7 12. Qd2 g5 13. Bg3 O-O-O 14. Bd3 Nxg3 15.
hxg3 Bxc3 16. Qxc3 Qxc3+ 17. Rxc3 a5 18. Ne2 e5 19. f3 Rdf8 20. g4 Ne8 21. Kf2
Ng7 22. Ng3 f6 23. Rcc1 Rh7 24. Rh2 Kc7 25. Rch1 Rfh8 26. Rb1 b6 27. Bc2 Ra8
28. Ne2 h5 29. gxh5 Rxh5 30. Rxh5 Nxh5 31. Rh1 Ng7 32. Rh7 Rg8 33. Nc3 Ne8 34.
Nb5+ Kd8 35. Ba4 g4 36. Nc3 Ng7 37. Bxd7 Kxd7 38. fxg4 Kc8 39. Ne2 Ne8 40. Kf3
Nc7 41. Ng3 Ne8 42. Nf5 Rf8 43. Re7 Rh8 44. Rxe8+ 1-0

[Event "VL18/19"]
[Site "Mecklenburg-Vorpommern"]
[Date "2019.03.24"]
[Round "8.8"]
[White "Kutschke, Peter"]
[Black "Altenburg, Reiner"]
[Result "1-0"]
[WhiteElo "1941"]
[BlackElo "1699"]
[PlyCount "91"]
[EventDate "2018.??.??"]
[EventType "team-tourn"]
[EventRounds "9"]
[EventCountry "GER"]
[WhiteTeam "SF Schwerin II"]
[BlackTeam "VT Ludwigslust"]
[WhiteTeamCountry "GER"]
[BlackTeamCountry "GER"]

1. e4 c5 2. c4 Nc6 3. Ne2 Nf6 4. Nbc3 d6 5. d4 cxd4 6. Nxd4 e5 7. Nc2 Be7 8.
Be2 O-O 9. O-O Be6 10. Be3 Ne8 11. Qd2 f5 12. exf5 Bxf5 13. Nd5 Bxc2 14. Qxc2
Bg5 15. Bd3 h6 16. f4 exf4 17. Nxf4 Nf6 18. Bf5 Re8 19. Rae1 Bxf4 20. Rxf4 Re5
21. Qf2 Qa5 22. Bd2 Qxa2 23. Bc3 Rxe1+ 24. Qxe1 Ne5 25. Be6+ Kh8 26. Qd2 Qb1+
27. Rf1 Qd3 28. Qxd3 Nxd3 29. Rd1 Nf4 30. Bxf6 Nxe6 31. Be7 Re8 32. Bxd6 Rd8
33. b4 b6 34. Rd5 Kg8 35. Kf2 Rd7 36. Ke3 Nd8 37. c5 Nc6 38. b5 Nb4 39. Rf5
bxc5 40. Bxc5 Nd5+ 41. Kf3 g6 42. Rf8+ Kg7 43. Ra8 Rf7+ 44. Kg3 Nb6 45. Bd4+
Kh7 46. Rh8# 1-0

[Event "VL18/19"]
[Site "Mecklenburg-Vorpommern"]
[Date "2019.03.24"]
[Round "8.1"]
[White "Luethke, Hans Eckart"]
[Black "Reyer, Ulli"]
[Result "1/2-1/2"]
[WhiteElo "2100"]
[BlackElo "2094"]
[PlyCount "26"]
[EventDate "2018.??.??"]
[EventType "team-tourn"]
[EventRounds "9"]
[EventCountry "GER"]
[WhiteTeam "Graal-Mueritz"]
[BlackTeam "Greifswalder SV II"]
[WhiteTeamCountry "GER"]
[BlackTeamCountry "GER"]

1. e4 c6 2. c4 d5 3. exd5 cxd5 4. cxd5 Nf6 5. Qa4+ Nbd7 6. Nc3 g6 7. Nf3 Bg7 8.
Qb3 O-O 9. Bc4 a6 10. a4 Qa5 11. Ra3 Nb6 12. O-O Nxc4 13. Qxc4 Bf5 1/2-1/2

[Event "VL18/19"]
[Site "Mecklenburg-Vorpommern"]
[Date "2019.03.24"]
[Round "8.2"]
[White "Fromm, Marius"]
[Black "Jansen, Andreas"]
[Result "1-0"]
[WhiteElo "1988"]
[BlackElo "2056"]
[PlyCount "79"]
[EventDate "2018.??.??"]
[EventType "team-tourn"]
[EventRounds "9"]
[EventCountry "GER"]
[WhiteTeam "Greifswalder SV II"]
[BlackTeam "Graal-Mueritz"]
[WhiteTeamCountry "GER"]
[BlackTeamCountry "GER"]

1. Nf3 Nf6 2. c4 g6 3. g3 Bg7 4. Bg2 d6 5. d4 c6 6. O-O Qc7 7. Nc3 Nbd7 8. e4
e5 9. h3 O-O 10. Be3 Re8 11. Rc1 Nf8 12. Qc2 Nh5 13. Rfe1 Ne6 14. Rcd1 Bd7 15.
d5 Nd8 16. c5 dxc5 17. Bxc5 b6 18. Be3 Qc8 19. Kh2 cxd5 20. exd5 e4 21. Nd4 f5
22. Qd2 Nf7 23. f4 Nd6 24. b3 Qc7 25. Rc1 Rac8 26. Nxe4 Nxe4 27. Bxe4 Qd6 28.
Bg2 Rxc1 29. Rxc1 g5 30. Ne6 gxf4 31. Nxf4 Nf6 32. Bd4 Ne4 33. Bxe4 Bxd4 34.
Qxd4 Rxe4 35. Qc3 Qe7 36. Rf1 Re3 37. Qd2 Qe4 38. Rf2 Re1 39. Ng2 Ra1 40. Re2
1-0

[Event "VL18/19"]
[Site "Mecklenburg-Vorpommern"]
[Date "2019.03.24"]
[Round "8.3"]
[White "Van Bentum, Horst"]
[Black "Lange, Jannis"]
[Result "1/2-1/2"]
[WhiteElo "1945"]
[BlackElo "1840"]
[PlyCount "87"]
[EventDate "2018.??.??"]
[EventType "team-tourn"]
[EventRounds "9"]
[EventCountry "GER"]
[WhiteTeam "Graal-Mueritz"]
[BlackTeam "Greifswalder SV II"]
[WhiteTeamCountry "GER"]
[BlackTeamCountry "GER"]

1. e4 c5 2. Nf3 Nc6 3. Bb5 g6 4. O-O Bg7 5. Re1 e5 6. Bxc6 dxc6 7. d3 Qe7 8.
Bg5 Nf6 9. Qd2 h6 10. Bxf6 Qxf6 11. Qe3 b6 12. Nbd2 O-O 13. a4 Qf4 14. a5 Be6
15. b3 Qxe3 16. Rxe3 b5 17. Ree1 Rfd8 18. Kf1 Bf6 19. h3 h5 20. h4 Bg7 21. Ke2
Rd6 22. Red1 Rad8 23. Ne1 Bh6 24. Ndf3 Bg4 25. c4 f5 26. Nc2 fxe4 27. dxe4 Bd2
28. Ne3 Bc3 29. Rxd6 Rxd6 30. Ra2 a6 31. Nxg4 hxg4 32. Nh2 Rd4 33. cxb5 cxb5
34. Nxg4 Rxe4+ 35. Ne3 Rxh4 36. Nd5 Bd4 37. Nc7 Rh7 38. Nxa6 Rb7 39. Rc2 Ra7
40. Nxc5 Rxa5 41. Kd3 Kf7 42. Ke4 b4 43. Na4 Rb5 44. f3 1/2-1/2

[Event "VL18/19"]
[Site "Mecklenburg-Vorpommern"]
[Date "2019.03.24"]
[Round "8.4"]
[White "Mildner, Jens"]
[Black "Moritz, Hartmut"]
[Result "1-0"]
[WhiteElo "2023"]
[BlackElo "1917"]
[PlyCount "75"]
[EventDate "2018.??.??"]
[EventType "team-tourn"]
[EventRounds "9"]
[EventCountry "GER"]
[WhiteTeam "Greifswalder SV II"]
[BlackTeam "Graal-Mueritz"]
[WhiteTeamCountry "GER"]
[BlackTeamCountry "GER"]

1. d4 b5 2. e4 Bb7 3. f3 b4 4. Be3 d5 5. exd5 Nf6 6. c4 bxc3 7. Nxc3 Nxd5 8.
Nxd5 Qxd5 9. Qa4+ Bc6 10. Qc2 e6 11. Bd3 Bb4+ 12. Kf2 Qh5 13. h4 Be7 14. g4 Qa5
15. Ne2 Bd5 16. a3 Nd7 17. b4 Qb6 18. Nc3 Bd6 19. Nxd5 exd5 20. Rhc1 h5 21. g5
O-O 22. Qc6 Qxc6 23. Rxc6 a5 24. b5 Nb6 25. a4 g6 26. Bc2 Rfe8 27. Bc1 Rad8 28.
Bb3 Rd7 29. Bd2 Rde7 30. Re1 Bb4 31. Bxb4 axb4 32. Rxe7 Rxe7 33. a5 Nc4 34.
Bxc4 dxc4 35. Rxc4 b3 36. Rb4 Rd7 37. a6 b2 38. a7 1-0

[Event "VL18/19"]
[Site "Mecklenburg-Vorpommern"]
[Date "2019.03.24"]
[Round "8.5"]
[White "Simcaks, Sergejs"]
[Black "Schwahn, Christian"]
[Result "1/2-1/2"]
[WhiteElo "1867"]
[BlackElo "1984"]
[PlyCount "122"]
[EventDate "2018.??.??"]
[EventType "team-tourn"]
[EventRounds "9"]
[EventCountry "GER"]
[WhiteTeam "Graal-Mueritz"]
[BlackTeam "Greifswalder SV II"]
[WhiteTeamCountry "GER"]
[BlackTeamCountry "GER"]

1. e4 c5 2. Nf3 d6 3. d4 cxd4 4. Nxd4 Nf6 5. Nc3 a6 6. Bc4 e6 7. Bb3 b5 8. O-O
Be7 9. Kh1 O-O 10. a3 Bd7 11. f4 Nc6 12. f5 Nxd4 13. Qxd4 Ng4 14. h3 Ne5 15.
Bf4 Qc7 16. Rad1 Rad8 17. Qe3 Bc8 18. Qg3 Kh8 19. Bg5 Bxg5 20. Qxg5 f6 21. Qh5
exf5 22. Nd5 Qf7 23. Qxf7 Rxf7 24. Nb6 Rc7 25. Nxc8 Rcxc8 26. exf5 h5 27. Rf4
Nc4 28. Rh4 Rc5 29. Rxh5+ Kg8 30. Rh4 d5 31. Bxc4 bxc4 32. c3 Re8 33. Rhd4 Re5
34. g4 Kf7 35. R1d2 Ke7 36. Kg2 Kd6 37. Kf3 Rc8 38. Kf4 Kc5 39. h4 Rh8 40. Rh2
Rhe8 41. h5 Re1 42. h6 Rf1+ 43. Kg3 gxh6 44. Rxh6 Re3+ 45. Kg2 Rff3 46. Rh4
Rg3+ 47. Kh2 Rgf3 48. Rd2 Rf4 49. Rg2 d4 50. cxd4+ Kxd4 51. Rh6 Ke5 52. Rh8
Rff3 53. Ra8 c3 54. Rxa6 cxb2 55. Rxb2 Rxa3 56. Re6+ Kf4 57. Rxf6 Rh3+ 58. Kg1
Rag3+ 59. Rg2 Rxg2+ 60. Kxg2 Rg3+ 61. Kf2 Rxg4 1/2-1/2

[Event "VL18/19"]
[Site "Mecklenburg-Vorpommern"]
[Date "2019.03.24"]
[Round "8.6"]
[White "Woll, Wilfried"]
[Black "Jeske, Holger"]
[Result "1-0"]
[WhiteElo "1985"]
[BlackElo "1820"]
[PlyCount "107"]
[EventDate "2018.??.??"]
[EventType "team-tourn"]
[EventRounds "9"]
[EventCountry "GER"]
[WhiteTeam "Greifswalder SV II"]
[BlackTeam "Graal-Mueritz"]
[WhiteTeamCountry "GER"]
[BlackTeamCountry "GER"]

1. c4 Nf6 2. g3 c6 3. Bg2 e5 4. d4 exd4 5. Qxd4 Be7 6. Nc3 O-O 7. Nf3 Ne8 8.
Bf4 Nc7 9. Qd2 Ne6 10. Be3 a5 11. O-O Na6 12. Rfd1 Bc5 13. Na4 Bb4 14. Qc2 Bc5
15. Nxc5 Nexc5 16. Rd6 Qe7 17. Ng5 f5 18. Rad1 Rf6 19. Rxf6 Qxf6 20. Qd2 h6 21.
Nh3 b6 22. Nf4 Qf7 23. b3 Bb7 24. Bf3 g6 25. Qd6 Kh7 26. h4 Re8 27. h5 g5 28.
Ng6 Re6 29. Nf8+ Kg8 30. Nxe6 Qxe6 31. Qd2 Kf7 32. Bd4 Ke7 33. Ba1 Ne4 34. Qd4
Nac5 35. Qg7+ Kd8 36. Be5 d6 37. Ba1 Nd7 38. Qg6 Nf8 39. Qxe6 Nxe6 40. g4 N6c5
41. gxf5 Ke7 42. Bg7 Bc8 43. Bg4 Kf7 44. Ba1 Nb7 45. Kg2 Nf6 46. f3 Bd7 47. e4
Ke7 48. Kf2 Be8 49. Ke3 Bf7 50. Bd4 c5 51. Bc3 Ne8 52. f4 gxf4+ 53. Kxf4 Nf6
54. Bf3 1-0

[Event "VL18/19"]
[Site "Mecklenburg-Vorpommern"]
[Date "2019.03.24"]
[Round "8.8"]
[White "Dombrowski, Frank"]
[Black "Perlick, Eberhard"]
[Result "0-1"]
[WhiteElo "1873"]
[BlackElo "1871"]
[PlyCount "146"]
[EventDate "2018.??.??"]
[EventType "team-tourn"]
[EventRounds "9"]
[EventCountry "GER"]
[WhiteTeam "Greifswalder SV II"]
[BlackTeam "Graal-Mueritz"]
[WhiteTeamCountry "GER"]
[BlackTeamCountry "GER"]

1. c3 e6 2. d4 f5 3. Bf4 Nf6 4. Nf3 d5 5. Nbd2 Bd6 6. e3 O-O 7. Bd3 Bd7 8. O-O
Be8 9. Bxd6 cxd6 10. Qb3 Qe7 11. c4 dxc4 12. Bxc4 d5 13. Be2 Bh5 14. Rac1 Nc6
15. Bb5 Bxf3 16. Nxf3 Rfc8 17. Bxc6 bxc6 18. Ne5 Qd6 19. Qb7 Qc7 20. Qxc7 Rxc7
21. Rxc6 Rxc6 22. Nxc6 Kf8 23. b4 a6 24. Ne5 Rc8 25. Nd3 Rc2 26. a4 Ra2 27. Nc5
Ne4 28. Nxe6+ Ke7 29. Nxg7 Rxa4 30. f3 Nd6 31. Rb1 Kf7 32. Nh5 Nc4 33. Nf4 Nxe3
34. Rb2 Ra1+ 35. Kf2 Nd1+ 36. Ke2 Nxb2 37. Nxd5 Nc4 38. Kd3 Nd6 39. Kc3 Ra2 40.
Nf4 Ra3+ 41. Kb2 Nc4+ 42. Kc2 Ke7 43. h4 Kd6 44. h5 Ne3+ 45. Kb2 Ra4 46. Kb3
Ra1 47. h6 Rh1 48. Ka4 Rxh6 49. Ka5 Nd5 50. Nd3 Nc7 51. Kb6 Nb5 52. Kxa6 Nxd4
53. b5 Kc7+ 54. Ka5 Rb6 55. Kb4 Nxb5 56. Kc5 Nd6 57. Kd5 Kd7 58. Ke5 Ke7 59. g4
Rb3 60. Kd4 Rxd3+ 61. Kxd3 fxg4 62. fxg4 Kf6 63. Ke3 Kg5 64. Kf3 Ne8 65. Kg3
Nf6 66. Kh3 Nxg4 67. Kg3 h5 68. Kh3 h4 69. Kg2 Nf6 70. Kh3 Ne4 71. Kh2 Kg4 72.
Kg2 h3+ 73. Kf1 Kg3 0-1

[Event "VL18/19"]
[Site "Mecklenburg-Vorpommern"]
[Date "2019.03.24"]
[Round "8.1"]
[White "Schmekel, Florian"]
[Black "Wolke, Heiko"]
[Result "1/2-1/2"]
[WhiteElo "2016"]
[BlackElo "1961"]
[PlyCount "101"]
[EventDate "2018.??.??"]
[EventType "team-tourn"]
[EventRounds "9"]
[EventCountry "GER"]
[WhiteTeam "SAV Torgelow"]
[BlackTeam "SFO Warnemuende"]
[WhiteTeamCountry "GER"]
[BlackTeamCountry "GER"]

1. d4 Nf6 2. c4 c5 3. d5 e6 4. Nc3 exd5 5. cxd5 d6 6. Nf3 Be7 7. Nd2 O-O 8. e4
Nbd7 9. Be2 a6 10. a4 Ne5 11. f4 Ng6 12. O-O Rb8 13. a5 b5 14. axb6 Rxb6 15.
Nc4 Rb4 16. e5 Ne8 17. Na2 Rb8 18. Bd2 dxe5 19. Ba5 Qd7 20. fxe5 Bg5 21. Nc3
Bf4 22. Bd3 Bxe5 23. Nxe5 Nxe5 24. Bxh7+ Kxh7 25. Qh5+ Kg8 26. Qxe5 Rxb2 27.
Ne4 Qb5 28. Bc3 Re2 29. Rae1 Rxe1 30. Rxe1 Qb6 31. d6 c4+ 32. Kh1 Qb5 33. Qd4
Bd7 34. Nc5 Nf6 35. Nxd7 Qxd7 36. Qb6 Re8 37. Qxa6 Rxe1+ 38. Bxe1 Qe6 39. Bg3
Qe2 40. Qa1 Qd3 $2 {der 40.Zug mal wieder} (40... c3 41. Qe1 Qd3 42. Bf4 c2 43.
Kg1 Qd4+ 44. Be3 Qxd6 $19) 41. Be5 Ne4 42. d7 c3 43. h3 c2 44. Kh2 Kh7 45. Qe1
c1=Q 46. Qh4+ $2 Qh6 $11 (46... Kg6 $1 47. d8=Q Qde3 48. Qg4+ Ng5 49. Qdd1 {
Verhindert das Matt auf Kosten des Läufers} Qxe5+ $19) 47. d8=Q Qxd8 48. Qxd8
f5 49. Qf8 Qg5 50. Qf7 Nd2 51. Kh1 1/2-1/2

[Event "VL18/19"]
[Site "Mecklenburg-Vorpommern"]
[Date "2019.03.24"]
[Round "8.3"]
[White "Zentgraf, Robert"]
[Black "Schumacher, Dirk"]
[Result "1-0"]
[WhiteElo "2105"]
[BlackElo "1951"]
[PlyCount "47"]
[EventDate "2018.??.??"]
[EventType "team-tourn"]
[EventRounds "9"]
[EventCountry "GER"]
[WhiteTeam "SAV Torgelow"]
[BlackTeam "SFO Warnemuende"]
[WhiteTeamCountry "GER"]
[BlackTeamCountry "GER"]

1. d4 Nf6 2. Nf3 g6 3. Bf4 Bg7 4. e3 O-O 5. Be2 d5 6. O-O Bf5 7. c4 dxc4 8.
Bxc4 c5 9. Nc3 Nc6 10. dxc5 Ne4 11. Nxe4 Bxe4 12. Ng5 e5 13. Nxe4 exf4 14. exf4
Bxb2 15. Rb1 Bd4 16. Rxb7 Na5 17. Bxf7+ Kh8 18. Nd6 Qf6 19. Rb5 Rad8 20. Rxa5
Rxf7 21. Nxf7+ Qxf7 22. Qf3 Qc4 23. Rxa7 Bxc5 24. Ra8 1-0

[Event "VL18/19"]
[Site "Mecklenburg-Vorpommern"]
[Date "2019.03.24"]
[Round "8.4"]
[White "Hamann, Dirk"]
[Black "Bauer, Norbert"]
[Result "0-1"]
[WhiteElo "1880"]
[BlackElo "2026"]
[PlyCount "56"]
[EventDate "2018.??.??"]
[EventType "team-tourn"]
[EventRounds "9"]
[EventCountry "GER"]
[WhiteTeam "SFO Warnemuende"]
[BlackTeam "SAV Torgelow"]
[WhiteTeamCountry "GER"]
[BlackTeamCountry "GER"]

1. f4 e5 2. fxe5 d6 3. exd6 Bxd6 4. Nf3 g5 5. d4 g4 6. Ne5 Nc6 7. Nxc6 bxc6 8.
g3 h5 9. Bg2 Bd7 10. e4 h4 11. e5 Be7 12. O-O hxg3 13. hxg3 Nh6 14. c3 Bg5 15.
Na3 Rb8 16. b4 Kf8 17. Qe1 Nf5 18. Qf2 Bxc1 19. Raxc1 Qg5 20. Rce1 Qh5 21. Be4
Qh3 22. Re3 Be6 23. Rd3 Bd5 24. Bxd5 cxd5 25. Qg2 Qh7 26. Rfd1 Rb6 27. Kf2 Rh6
28. Ke1 Rh1+ 0-1

[Event "VL18/19"]
[Site "Mecklenburg-Vorpommern"]
[Date "2019.03.24"]
[Round "8.5"]
[White "Bress, Aaron"]
[Black "Herholz, Holger"]
[Result "0-1"]
[WhiteElo "1831"]
[BlackElo "1783"]
[PlyCount "32"]
[EventDate "2018.??.??"]
[EventType "team-tourn"]
[EventRounds "9"]
[EventCountry "GER"]
[WhiteTeam "SAV Torgelow"]
[BlackTeam "SFO Warnemuende"]
[WhiteTeamCountry "GER"]
[BlackTeamCountry "GER"]

1. e4 e5 2. Nf3 Nc6 3. Bb5 d6 4. d4 exd4 5. Nxd4 Bd7 6. O-O Nxd4 7. Bxd7+ Qxd7
8. Qxd4 c5 9. Qd3 O-O-O 10. c4 Nf6 11. a3 Be7 12. b4 Rhe8 13. Nc3 Qe6 14. Re1
Ng4 15. Bd2 Ne5 16. Nd5 Nxd3 0-1